Código de comercio y otras normas mercantiles (Registro nro. 24174)
[ vista simple ]
| 000 -CABECERA | |
|---|---|
| Longitud fija campo de control | 01307nam a2200373 c 4500 |
| 001 - NÚMERO DE CONTROL | |
| Número de control | 24174 |
| 003 - IDENTIFICADOR DE NÚMERO DE CONTROL | |
| Identificador del número de control | ES-MaCES |
| 005 - FECHA Y HORA DE LA ÚLTIMA TRANSACCIÓN | |
| Fecha y hora de la última transacción | 20221129103055.0 |
| 008 - CAMPO FIJO DE DESCRIPCIÓN FIJA--INFORMACIÓN GENERAL | |
| Códigos de información de longitud fija | 111228s2011 sp l 000 | spa d |
| 017 ## - NÚMERO DE REGISTRO DE DERECHOS DE AUTOR Y DEPÓSITO LEGAL | |
| Número de copyright o de depósito legal | NA 3444-2011 |
| Agencia que asigna el número | DL |
| 020 ## - ISBN (INTERNATIONAL STANDARD BOOK NUMBER) | |
| Número Internacional Normalizado para Libros (ISBN) | 9788499030845 |
| 035 ## - NÚMERO DE CONTROL DEL SISTEMA | |
| Número de control del sistema | CES20110010270m |
| 040 ## - FUENTE DE CATALOGACIÓN | |
| Centro catalogador de origen | ES-MaCES |
| Lengua de catalogación | spa |
| Centro transcriptor | ES-MaCES |
| 110 1# - ENCABEZAMIENTO PRINCIPAL--NOMBRE CORPORATIVO | |
| Nombre de entidad corporativa o nombre de jurisdicción como elemento inicial | España |
| Título de la obra | Leyes, etc., mercantiles |
| 9 (RLIN) | 3136 |
| 245 10 - MENCIÓN DE TÍTULO | |
| Título | Código de comercio y otras normas mercantiles |
| Mención de responsabilidad, etc. | edición preparada por Ramón B. García Luengo (dir.) ... [et al.] |
| 250 ## - MENCIÓN DE EDICIÓN | |
| Mención de edición | 18ª ed |
| 260 ## - PUBLICACIÓN, DISTRIBUCIÓN, ETC (PIE DE IMPRENTA) | |
| Lugar de publicación, distribución, etc. | Cizur Menor (Navarra) |
| Nombre del editor, distribuidor, etc. | Aranzadi-Thomson Reuters |
| Fecha de publicación, distribución, etc. | 2011 |
| 300 ## - DESCRIPCIÓN FÍSICA | |
| Extensión | 2175 p. |
| Dimensiones | 24 cm |
| Material anejo | fe de erratas (1 h.) |
| 490 1# - MENCIÓN DE SERIE | |
| Mención de serie | Colección Códigos básicos Aranzadi |
| Designación de volumen o secuencia | 6 |
| 500 ## - NOTA GENERAL | |
| Nota general | Índices |
| 541 ## - NOTA DE LA FUENTE INMEDIANTE DE ADQUISICIÓN | |
| Forma de adquisición | Compra |
| 650 #4 - ASIENTO SECUNDARIO DE MATERIA--TÉRMINO DE MATERIA | |
| Término de materia o nombre geográfico como elemento inicial | comercio |
| 9 (RLIN) | 27943 |
| 650 #4 - ASIENTO SECUNDARIO DE MATERIA--TÉRMINO DE MATERIA | |
| Término de materia o nombre geográfico como elemento inicial | España |
| 9 (RLIN) | 26964 |
| 650 #4 - ASIENTO SECUNDARIO DE MATERIA--TÉRMINO DE MATERIA | |
| Término de materia o nombre geográfico como elemento inicial | legislación |
| 9 (RLIN) | 27153 |
| 650 #4 - ASIENTO SECUNDARIO DE MATERIA--TÉRMINO DE MATERIA | |
| Término de materia o nombre geográfico como elemento inicial | texto |
| 9 (RLIN) | 29624 |
| 653 10 - TÉRMINO DE INDEXACIÓN--NO CONTROLADO | |
| Término no controlado | Legislación |
| 700 1# - ENCABEZAMIENTO SECUNDARIO--NOMBRE PERSONAL | |
| Nombre de persona | García Luengo, Ramón Bernabé |
| Término indicativo de función | dir. |
| 9 (RLIN) | 12950 |
| 775 0# - ENTRADA DE OTRA EDICIÓN | |
| Título | Código de comercio y otras normas mercantiles |
| Número de control del registro relacionado | (ES-MaCES)24681 |
| 787 0# - ENTRADA DE OTRAS ESPECIFICACIONES | |
| Título | Código de comercio y otras normas mercantiles |
| Número de control del registro relacionado | (ES-MaCES)24036 |
| 830 #0 - ENCABEZAMIENTO SECUNDARIO DE COLECCIÓN--TÍTULO UNIFORME | |
| Título uniforme | Colección Códigos básicos Aranzadi |
| Designación de volumen o secuencia | 6 |
| 9 (RLIN) | 32116 |
| 902 ## - CES. TIPO DE DOCUMENTO | |
| Tipodoc (006$c Sirtex) | LIB Libro |
| 942 ## - ELEMENTOS KOHA | |
| Fuente de clasificaión o esquema | Clasificación propia del CES |
| Koha [por defecto] tipo de item | Monografías |
| Parte de clasificación | 6.1. |
| Número de registro | Signatura completa | Tipo de item de Koha |
|---|---|---|
| 080594 | DPT-11339 | Monografías |
